When computers went to sea : the digitization of the United States Navy

Αποθηκεύτηκε σε:
Λεπτομέρειες βιβλιογραφικής εγγραφής
Κύριος συγγραφέας: Boslaugh, David L.
Συγγραφή απο Οργανισμό/Αρχή: Society of Naval Architects and Marine Engineers (U.S.)
Μορφή: Βιβλίο
Γλώσσα:English
Δημοσίευση: Los Alamitos, Calif. : IEEE Computer Society, 1999
Θέματα:
Ετικέτες: Προσθήκη ετικέτας
Δεν υπάρχουν, Καταχωρήστε ετικέτα πρώτοι!

MARC

LEADER 00000nam a2200000 i 4500
001 1/20395
008 010803s1999 eng d
020 |a 0-7695-0024-2 
035 |l 10067120 
040 |a GR-MY-UA  |b gre  |e aacr 
041 0 |a eng 
082 0 |a 359.34320973 
100 1 |a Boslaugh, David L. 
245 1 0 |a When computers went to sea :  |b the digitization of the United States Navy /  |c David L. Boslaugh 
260 |a Los Alamitos, Calif. :   |b IEEE Computer Society,   |c 1999 
300 |a xxiv, 467 p.;  |b ill.;  |c 26 cm. 
504 |a Includes bibliographical references and index 
650 0 0 |a Naval Tactical Data System  |x History. 
710 2 |a Society of Naval Architects and Marine Engineers (U.S.) 
852 |a INST  |b SAMOS  |e 20010807  |h 359.34320973 BOS  |p 005300020563  |q 005300020563  |t BK  |y 0 
852 |a INST  |b SAMOS  |e 20010807  |h 359.34320973 BOS  |p 005300020564  |q 005300020564  |t BK  |y 0 
852 |a INST  |b SAMOS  |e 20010803  |h 359.34320973 BOS  |p 005300020567  |q 005300020567  |t BK  |y 0 
901 |a BIBL3-2001-2 
909 |a Σ  |b 087134 
909 |a Σ  |b 087138 
909 |a Σ  |b 087137 
922 |a 3ΕΛΗ  |b 200008  |c ΤΠΕΣ/ΠΟΛ-2  |d LEADER 
970 |a ΜΑΛΑΓΑΡΗ  |b ΦΩΤΕΙΝΗ  |z 2001/08/03